Opeth Songs - Statistics

General Stats
  • This quiz has been taken 509 times
    184 since last reset
  • The average score is 69 of 136
Answer Stats
Length Answer % Correct
12:08 Blackwater Park
98%
6:01 Harvest
94%
9:16 Bleak
93%
13:36 Deliverance
93%
10:29 Ghost of Perdition
93%
7:45 Windowpane
90%
11:26 The Moor
88%
5:33 §2
87%
7:58 Face of Melinda
87%
10:54 The Drapery Falls
87%
10:23 The Leper Affinity
87%
5:56 §1
83%
6:03 §6
83%
11:39 Reverie/Harlequin Forest
83%
5:10 §3
82%
7:00 §4
82%
7:29 §5
82%
6:30 §7
81%
10:41 The Baying of the Hounds
81%
7:54 Dirge for November
80%
5:49 Sorceress
80%
5:50 In My Time of Need
79%
5:00 Benighted
77%
3:11 Coil
77%
6:13 Demon of the Fall
77%
8:48 Heir Apparent
77%
11:11 Wreath
77%
7:41 Burden
76%
3:39 Ending Credits
76%
20:15 Black Rose Immortal
74%
1:53 Patterns in the Ivy
74%
9:13 Serenity Painted Death
74%
8:48 The Lotus Eater
74%
14:09 In Mist She was Standing
73%
8:44 The Funeral Portrait
73%
10:32 Master's Apprentices
72%
9:00 Moonlapse Vertigo
72%
10:54 To Bid You Farewell
72%
10:21 The Grand Conjuration
71%
10:02 White Cluster
71%
3:51 Isolation Years
70%
8:41 April Ethereal
69%
7:57 Beneath the Mire
69%
9:47 Godhead's Lament
69%
4:30 Hope Leaves
69%
9:14 When
69%
11:24 Hessian Peel
68%
5:16 Closure
66%
10:23 A Fair Judgement
65%
6:57 Hex Omega
65%
6:21 To Rid the Disease
65%
13:45 Advent
64%
13:50 By the Pain I See in Others
63%
5:50 Death Whispered a Lullaby
62%
3:59 Epilogue
62%
2:17 For Absent Friends
62%
10:09 Nectar
62%
0:59 Prologue
62%
4:09 Weakness
61%
6:28 Atonement
60%
10:59 The Night and the Silent Water
59%
7:11 A Story Never Told
58%
13:04 Forest of October
56%
2:05 Heritage
56%
7:59 Porcelain Heart
56%
7:52 Karma
55%
5:20 Hours of Wealth
54%
3:28 Soldier of Fortune
54%
11:01 The Twilight Is My Robe
54%
9:52 Under the Weeping Moon
53%
6:40 The Devil's Orchard
50%
5:26 Credence
49%
5:36 Cusp of Eternity
48%
8:43 The Amen Corner
48%
13:01 The Apostle in Triumph
48%
1:26 Madrigal
47%
1:11 Requiem
46%
6:46 Eternal Rains Will Come
44%
4:12 Patterns in the Ivy II
43%
7:30 River
43%
3:07 Silhouette
43%
3:49 Sorceress II
43%
5:07 Will o the Wisp
41%
4:32 Goblin
40%
10:52 Moon Above, Sun Below
40%
8:35 Eternal Soul Torture
39%
7:39 Faith in Others
38%
1:51 Persephone
38%
5:00 Remember Tomorrow
38%
3:40 Would?
38%
8:30 Heart in Hand / Hjärtat vet vad handen gör
36%
5:41 Era
35%
6:57 Häxprocess
35%
6:49 The Wilde Flowers
29%
8:33 All Things Will Pass / Allting tar slut
28%
0:54 Persephone (Slight Return)
28%
6:36 Dignity / Svekets prins
27%
4:03 Slither
27%
4:34 Still Day beneath the Sun
27%
4:10 Den Ständiga Resan
25%
6:34 Lovelorn Crime / Minnets yta
25%
8:44 Strange Brew
25%
6:45 The Garroter / Banemannen
25%
8:19 Folklore
24%
7:30 Universal Truth / Ingen sanning är allas
24%
5:56 Bridge of Sighs
23%
3:28 Garden of Earthly Delights / Livets trädgård
23%
8:00 Voice of Treason
23%
5:12 Circle of the Tyrants
22%
6:29 Derelict Herds
22%
6:40 I Feel the Dark
22%
7:10 Next of Kin / De närmast sörjande
22%
3:49 The Lines in My Hand
22%
7:22 Continuum / Kontinuerlig drift
21%
4:47 Elysian Woes
21%
8:32 Famine
21%
6:20 Into the Frost of Winter
21%
5:40 Nepenthe
20%
3:13 The Ward
20%
5:29 Charlatan / Charlatan
18%
4:04 Face in the Snow
18%
4:19 Marrow of the Earth
18%
7:16 Chrysalis
16%
5:14 Mellotron Heart
16%
5:32 Pyre
15%
5:29 The Seventh Sojourn
15%
5:21 Width of a circle / Cirkelns Riktning
14%
5:06 A Fleeting Glance
11%
6:11 Spring MCMLXXIV
11%
5:41 The Throat of Winter
10%
4:35 Freedom & Tyranny / Frihet & Tyranni
7%
4:36 The Mob / Pöbeln
6%
5:58 Solitude
5%
5:51 Var Kommer Barnen In
1%
8:30 From Another Planet
0%
6:23 The Junkmail Studios
0%
No matching quizzes found
Score Distribution
Percent of People with Each Score
Percentile by Number Answered
Your Score History
You have not taken this quiz since the last reset